|
|
|
|
| LEADER |
00727nta a2200205 i 4500 |
| 001 |
dipl113150 |
| 005 |
20210428105019.0 |
| 008 |
210416s1965 hu om 0|| zxx d |
| 040 |
|
|
|a SZTE Diploma Repozitórium
|b hun
|
| 041 |
|
|
|a zxx
|
| 100 |
1 |
|
|a Pribék Endre
|
| 245 |
1 |
0 |
|a Orosháza állattenyésztésének gazdasági földrajzának alapjai
|h [elektronikus dokumentum] /
|c Endre Pribék
|
| 260 |
|
|
|c 1965
|
| 650 |
|
4 |
|a Pedagógusképzés
|
| 650 |
|
4 |
|a Natural sciences
|
| 650 |
|
4 |
|a Earth and related environmental sciences
|
| 650 |
|
4 |
|a Social sciences
|
| 650 |
|
4 |
|a Social and economic geography
|
| 700 |
1 |
|
|a nincs megadva
|e ths
|
| 856 |
4 |
0 |
|u http://diploma.bibl.u-szeged.hu/id/eprint/113150/1/1965_pribek_endre.pdf
|z Dokumentum-elérés
|